| 000 | 00484nam a2200157 i 4500 | ||
|---|---|---|---|
| 001 | 142788 | ||
| 003 | ES-MaACL | ||
| 007 | t| | ||
| 008 | 071010s1970 sp ||||1| spa d | ||
| 100 | 1 |
_aViet, Jean. _9114598 |
|
| 245 | 1 | 4 |
_aLos métodos estructuralistas en las ciencias sociales / _cJean Viet ; [tradución Manue Lamana]. |
| 260 |
_aBuenos Aires : _bAmorrortu, _c[1970] |
||
| 300 |
_a283 p. ; _c23 cm. |
||
| 700 | 1 |
_aLamana, Manuel. _969761 |
|
| 852 |
_aES-MaACL _jE-8867 _bR.93407 |
||
| 999 |
_c142788 _d142788 |
||